[Event "Montpellier op 4th"]
[Site "Montpellier"]
[Date "2009.??.??"]
[Round "8"]
[White "Costa, Jean Yves"]
[Black "Youssoupov, Moisse"]
[Result "0-1"]
[WhiteElo "1888"]
[BlackElo "1958"]
[PlyCount "88"]
[EventDate "2009.12.26"]
[EventType "swiss"]
[EventRounds "9"]
[EventCountry "FRA"]
[SourceTitle "CBM 134 Extra"]
[Source "ChessBase"]
[SourceDate "2010.03.03"]
[SourceVersion "1"]
[SourceVersionDate "2010.03.03"]
[SourceQuality "1"]

1. g3 d5 2. Bg2 Nf6 3. e3 Bf5 4. Ne2 e6 5. 0-0 Be7 6. Nd4 Bg6 7. d3 c5 8. Ne2 Nc6 9. Nf4 Bf5 10. f3 g5 11. Ne2 g4 12. e4 gxf3 13. exf5 fxe2 14. Qxe2 Nd4 15. Qd1 Nxf5 16. c4 Qd7 17. g4 Nh4 18. Bg5 Nxg2 19. Kxg2 Ng8 20. Bxe7 Nxe7 21. Qf3 Rf8 22. Nc3 0-0-0 23. Rac1 dxc4 24. dxc4 Qc6 25. Nb5 Qxf3+ 26. Rxf3 a6 27. Nc3 Ng6 28. Kg3 Ne5 29. Rf6 Rd3+ 30. Kf4 Ng6+ 31. Kg5 Rh3 32. Rf2 Ne5 33. Rd1 h6+ 34. Kf6 Nxg4+ 35. Ke7 Nxf2 36. Rf1 Rd8 37. Rxf2 Rd7+ 38. Kf6 Rh4 39. Na4 Rc7 40. Rg2 b5 41. Rg8+ Kb7 42. Nc3 Rxc4 43. Ke5 Rd7 44. Rh8 Rh4 0-1

[Event "Montpellier op 4th"]
[Site "Montpellier"]
[Date "2009.??.??"]
[Round "4"]
[White "Macon, Arthur"]
[Black "Costa, Jean Yves"]
[Result "1-0"]
[WhiteElo "1888"]
[BlackElo "1888"]
[PlyCount "87"]
[EventDate "2009.12.26"]
[EventType "swiss"]
[EventRounds "9"]
[EventCountry "FRA"]
[SourceTitle "CBM 134 Extra"]
[Source "ChessBase"]
[SourceDate "2010.03.03"]
[SourceVersion "1"]
[SourceVersionDate "2010.03.03"]
[SourceQuality "1"]

1. d4 g6 2. c4 Bg7 3. Nf3 e6 4. Nc3 Ne7 5. e4 d5 6. e5 c6 7. Bg5 Nd7 8. Qd2 h6 9. Bf4 g5 10. Be3 Nf5 11. g4 Nxe3 12. fxe3 h5 13. Rg1 f6 14. Bd3 Nf8 15. 0-0-0 Bd7 16. gxh5 Rxh5 17. h4 Qe7 18. Qc2 dxc4 19. Bxc4 0-0-0 20. hxg5 fxg5 21. Ne4 Kb8 22. Nd6 Be8 23. Bd3 Bh6 24. Kb1 g4 25. Rxg4 Bxe3 26. Qb3 Bh6 27. Be4 Rh3 28. Rg2 Bh5 29. Bxc6 Bxf3 30. Bxf3 b6 31. Qd3 Rxd6 32. exd6 Qxd6 33. Qe4 Qd5 34. Qxd5 exd5 35. Bxd5 Kc7 36. Bb3 Nd7 37. Rc2+ Kd6 38. Re1 Re3 39. Rxe3 Bxe3 40. Ba4 Nb8 41. Bb5 Bxd4 42. Rc8 Nd7 43. Rd8 Bf6 44. Rxd7+ 1-0

[Event "Marseille op 3rd"]
[Site "Marseille"]
[Date "2004.12.??"]
[Round "1"]
[White "Costa, Jean Yves"]
[Black "Rakotoniaina Balseiro, Erwin"]
[Result "1-0"]
[WhiteElo "1890"]
[BlackElo "1510"]
[PlyCount "33"]
[EventDate "2004.12.27"]
[EventType "swiss"]
[EventRounds "7"]
[EventCountry "FRA"]
[SourceTitle "CBM 104 Extra"]
[Source "ChessBase"]
[SourceDate "2005.03.01"]
[SourceVersion "1"]
[SourceVersionDate "2005.03.01"]
[SourceQuality "1"]

1. e4 c5 2. Nf3 e6 3. d4 cxd4 4. Nxd4 a6 5. Be2 Bc5 6. 0-0 Nf6 7. Nc3 b5 8. Bf3 e5 9. Nf5 Nc6 10. Nxg7+ Kf8 11. Bh6 Ke7 12. Bg5 Rg8 13. Nd5+ Kf8 14. Bxf6 Qb6 15. Nxb6 Bxb6 16. Qd6+ Ne7 17. Qxe7# 1-0

[Event "Uzes op"]
[Site "Uzes"]
[Date "1989.??.??"]
[Round "6"]
[White "Costa, Jean Yves"]
[Black "Poulenard, Raphael"]
[Result "0-1"]
[WhiteElo "2010"]
[BlackElo "2160"]
[PlyCount "64"]
[EventDate "1989.??.??"]
[EventType "swiss"]
[EventRounds "9"]
[EventCountry "FRA"]
[SourceTitle "EXT 1997"]
[Source "ChessBase"]
[SourceDate "1996.11.15"]
[SourceVersion "1"]
[SourceVersionDate "1996.11.15"]
[SourceQuality "1"]

1. e4 c5 2. Nf3 d6 3. d4 cxd4 4. Nxd4 Nf6 5. Nc3 a6 6. a4 Nc6 7. Bc4 g6 8. Nxc6 bxc6 9. e5 Nd7 10. e6 fxe6 11. Bxe6 Nf6 12. Bb3 Bg7 13. a5 d5 14. Be3 0-0 15. Bb6 Qd6 16. f3 Kh8 17. Bf2 e5 18. 0-0 Bf5 19. Na4 e4 20. Bc5 Qc7 21. Bxf8 Rxf8 22. g4 exf3 23. gxf5 Ng4 24. Rxf3 Qxh2+ 25. Kf1 Rxf5 26. Rxf5 Ne3+ 27. Ke1 Nxd1 28. Rxd1 gxf5 29. Rd3 Bxb2 30. Nxb2 Qe5+ 31. Kf2 Qxb2 32. Ke3 Qe5+ 0-1

[Event "Uzes op"]
[Site "Uzes"]
[Date "1989.??.??"]
[Round "2"]
[White "Djuric, Stefan"]
[Black "Costa, Jean Yves"]
[Result "1-0"]
[WhiteElo "2470"]
[BlackElo "2010"]
[PlyCount "59"]
[EventDate "1989.??.??"]
[EventType "swiss"]
[EventRounds "9"]
[EventCountry "FRA"]
[SourceTitle "EXT 1997"]
[Source "ChessBase"]
[SourceDate "1996.11.15"]
[SourceVersion "1"]
[SourceVersionDate "1996.11.15"]
[SourceQuality "1"]

1. e4 c6 2. d4 d5 3. exd5 cxd5 4. c4 Nf6 5. Nc3 e6 6. Nf3 Bd6 7. Bg5 dxc4 8. Bxc4 Nbd7 9. 0-0 0-0 10. Re1 Qc7 11. Bd3 a6 12. Rc1 Bf4 13. Bxf4 Qxf4 14. g3 Qd6 15. Ne5 Rd8 16. Nc4 Qf8 17. Qf3 Rb8 18. g4 b6 19. g5 Ne8 20. Re3 g6 21. Be4 Ng7 22. d5 Nc5 23. Ne5 Bb7 24. dxe6 Ngxe6 25. Bxb7 Rxb7 26. b4 Nd4 27. Qg2 Rc7 28. Nd5 Nf5 29. Rh3 Rxd5 30. Qxd5 1-0